Statistics for Tottenham Hotspur Opponents In UEFA Champions League

Click here to take the quiz!

General Stats

  • This quiz has been taken 73 times
    (24 since last reset)
  • The average score is 19 of 24

Answer Stats

Team Country Matchs Win Draw Loose Last % Correct
Bayern MunichGermany20022020
100%
AFC AjaxNetherlands21012019
100%
Inter MilanItaly42022019
100%
OlympiacosGreece21102020
95%
Manchester CityEngland21012019
95%
FC BarcelonaSpain20112019
95%
PSV EindhovenNetherlands21102019
95%
Borussia DortmundGermany44002019
91%
Real MadridSpain41122018
91%
SL BenficaPortugal21011962
91%
JuventusItaly20112018
91%
Bayer LeverkusenGermany20112017
86%
Red StarSerbia22002020
86%
AC MilanItaly21102011
86%
APOELCyprus22002018
82%
Liverpool FCEngland10012019
82%
CSKA MoscowRussia22002017
77%
AS MonacoFrance20022017
73%
FeyenoordNetherlands21101962
64%
RB LeipzigGermany20002020
59%
FC TwenteNetherlands21102011
55%
Werder BremenGermany21102011
45%
Dukla PragueCzech Republic21011962
14%
Górnik ZabrzePoland21011962
9%

Score Distribution

Percentile by Number Answered

Percent of People with Each Score

Your Score History

You have not taken this quiz since the last reset